|
|
|
|
| LEADER |
00000cam a2200000 7i4500 |
| 001 |
0000051719 |
| 005 |
20150906.0 |
| 008 |
150906 |
| 020 |
|
|
|a 9832852811(set)
|
| 020 |
|
|
|a 9832852854
|
| 090 |
0 |
0 |
|a MOR
|b MAL
|
| 100 |
0 |
|
|a Syed Mahadzir
|
| 245 |
1 |
0 |
|a Monyet Mangsa Buli
|c Syed Mahadzir
|
| 260 |
|
|
|a Selangor :
|b Cooray's House Of Publication Sdn Bhd ,
|c (s.n)
|
| 490 |
0 |
|
|a Siri Hentikan buli
|
| 999 |
|
|
|a 0001052076
|b Book
|c Children Collection
|e Cawangan Taman Universiti
|
| 999 |
|
|
|a 0001052077
|b Book
|c Children Collection
|e Cawangan Pontian
|
| 999 |
|
|
|a 0001052078
|b Book
|c Children Collection
|e Cawangan Taman Sri Lambak
|
| 999 |
|
|
|a 0001052852
|b Book
|c Teenagers
|e Cawangan Bandar Tenggara
|
| 999 |
|
|
|a 0001070697
|b Book
|c Children Collection
|e Cawangan Bukit Gambir
|
| 999 |
|
|
|a 0001071129
|b Book
|c Children Collection
|e Cawangan Taman Universiti
|
| 999 |
|
|
|a 0001075515
|b Book
|c Children Collection
|e Cawangan Segamat
|
| 999 |
|
|
|a 0001075521
|b Book
|c Children Collection
|e Cawangan Kota Tinggi
|
| 999 |
|
|
|a 0001075538
|b Book
|c Children Collection
|e Cawangan Bukit Gambir
|
| 999 |
|
|
|a 0001075574
|b Book
|c Children Collection
|e Cawangan Taman Universiti
|
| 999 |
|
|
|a 0001075587
|b Book
|c Children Collection
|e Cawangan Bukit Gambir
|
| 999 |
|
|
|a 0001075605
|b Book
|c Children Collection
|e Cawangan Tangkak
|
| 999 |
|
|
|a 0001075615
|b Book
|c Children Collection
|e Cawangan Pontian
|
| 999 |
|
|
|a 0001130569
|b Book
|c Children Collection
|e Cawangan Bukit Gambir
|
| 999 |
|
|
|a 0001130712
|b Book
|c Children Collection
|e Cawangan Mersing
|
| 999 |
|
|
|a 0001133963
|b Book
|c Teenagers
|e Cawangan Bandar Tenggara
|